| 000 | 00870nam a22001697a 4500 | ||
|---|---|---|---|
| 999 |
_c63405 _d63405 |
||
| 003 | Ge_BSU | ||
| 005 | 20251001163737.0 | ||
| 008 | 251001s1963 ge ||||| |||| 00| 0 geo d | ||
| 041 | _ageo | ||
| 080 | _a631.5/9(479.22) ტ-37 | ||
| 100 |
_aტატიშვილი, ო. _925918 |
||
| 245 |
_aსაქართველოს სსრ მრავალწლიანი ნარგავების ეკონომიკისა და მისი განვითარების საკითხისათვის / _cო. ტატიშვილი. |
||
| 264 |
_aთბილისი : _bსაბჭ. საქართველო, _c1963. |
||
| 300 |
_a231 გვ. : _bცხრილ. 2 ფ. ცხრილ. ; _c21 სმ. |
||
| 653 | _aმრავალწლიანი ნარგავები | ||
| 942 |
_2udc _cᲬᲘᲒᲜᲘ |
||